MARC details
| 000 -LEADER |
| campo de control de longitud fija |
02085cam a2200301 i 4500 |
| 001 - NÚMERO DE CONTROL |
| campo de control |
23129363 |
| 003 - IDENTIFICADOR DE NÚMERO DE CONTROL |
| campo de control |
CoMeUDC |
| 005 - FECHA Y HORA DE LA ÚLTIMA TRANSACCIÓN |
| campo de control |
20240520161038.0 |
| 008 - DATOS DE LONGITUD FIJA--INFORMACIÓN GENERAL |
| campo de control de longitud fija |
230515s2019 cr b 001 0 spa |
| 020 ## - NÚMERO INTERNACIONAL ESTÁNDAR DEL LIBRO |
| Número Internacional Estándar del Libro |
9789968493567 |
| 040 ## - FUENTE DE CATALOGACIÓN |
| Normas de descripción |
AARC |
| -- |
ISBD |
| Centro/agencia transcriptor |
CO-UdeC |
| Centro/agencia modificador |
CO-UdeC |
| 042 ## - CÓDIGO DE AUTENTICACIÓN |
| Código de autenticación |
pcc |
| 043 ## - CÓDIGO DE ÁREA GEOGRÁFICA |
| Código de área geográfica |
nccr--- |
| 082 ## - NÚMERO DE LA CLASIFICACIÓN DECIMAL DEWEY |
| Número de clasificación |
340.56 |
| Número de ítem |
T689 |
| 100 1# - ENTRADA PRINCIPAL--NOMBRE DE PERSONA |
| Nombre de persona |
Torrealba Navas, Federico, |
| Término indicativo de función/relación |
autor |
| 245 10 - MENCIÓN DEL TÍTULO |
| Título |
Principios del Derecho Privado : |
| Resto del título |
Tomo 2, persona jurídica y derechos reales / |
| Mención de responsabilidad, etc. |
Federico Torrealba Navas. |
| 264 #1 - PRODUCCIÓN, PUBLICACIÓN, DISTRIBUCIÓN, FABRICACIÓN Y COPYRIGHT |
| Producción, publicación, distribución, fabricación y copyright |
Costa Rica : |
| -- |
Buenos Aires : |
| Nombre del de productor, editor, distribuidor, fabricante |
Librería & Editorial Juricentro, |
| -- |
Editores Fondo Editorial, |
| Fecha de producción, publicación, distribución, fabricación o copyright |
2019. |
| 300 ## - DESCRIPCIÓN FÍSICA |
| Extensión |
382 p.; |
| Dimensiones |
24 cm. |
| 490 0# - MENCIÓN DE SERIE |
| Mención de serie |
Principios del Derecho Privado. |
| 504 ## - NOTA DE BIBLIOGRAFÍA, ETC. |
| Nota de bibliografía, etc. Nota |
Incluye índice analítico. |
| 505 ## - NOTA DE CONTENIDO CON FORMATO |
| Nota de contenido con formato |
Capítulo 21. Las personas jurídicas, en general -- Capítulo 22. Las principales personas jurídicas de derecho privado -- Capítulo 23. Estructura básica de las personas jurídicas -- Capítulo 24. Fases existenciales y mutaciones de las personas jurídicas -- Capítulo 25. Personas jurídicas vinculadas -- Capitulo 26. El levantamiento del Velo de la personalidad jurídica -- Capítulo 27. Los derechos reales, en general -- Capítulo 28. Los bienes y su clasificación -- Capítulo 29. La propiedad Civil clásica -- Capítulo 30. Los modos de adquisición del dominio -- Capítulo 31. La copropiedad -- Capítulo 32. La propiedad en condominio -- Capítulo 33. La propiedad fiduciaria -- Capítulo 34. La propiedad Agraria -- Capítulo 35. La posesión -- Capítulo 36. Usufructo, uso y habitación -- Capítulo 37. Las servidumbres -- Capítulo 38. Las garantías reales, en general -- Capítulo 39. Las garantías mobiliarias -- Capítulo 40. Las hipotecas -- Capítulo 41. Las cédulas hipotecarias -- Capítulo 42. La publicidad registral -- Capítulo 43. Los bienes inmuebles y las relaciones de vecindad |
| 546 ## - NOTA DE IDIOMA |
| Nota de lengua/lenguaje |
Español. |
| 650 #0 - PUNTO DE ACCESO ADICIONAL DE MATERIA--TÉRMINO DE MATERIA |
| 9 (RLIN) |
866 |
| Término de materia o nombre geográfico como elemento de entrada |
Derecho civil |
| 650 #0 - PUNTO DE ACCESO ADICIONAL DE MATERIA--TÉRMINO DE MATERIA |
| 9 (RLIN) |
867 |
| Término de materia o nombre geográfico como elemento de entrada |
Derechos reales |
| 650 #0 - PUNTO DE ACCESO ADICIONAL DE MATERIA--TÉRMINO DE MATERIA |
| 9 (RLIN) |
2435 |
| Término de materia o nombre geográfico como elemento de entrada |
Personas jurídicas |
| 650 #0 - PUNTO DE ACCESO ADICIONAL DE MATERIA--TÉRMINO DE MATERIA |
| 9 (RLIN) |
2512 |
| Término de materia o nombre geográfico como elemento de entrada |
Principios del derecho |
| 942 ## - ELEMENTOS DE ENTRADA SECUNDARIOS (KOHA) |
| Fuente del sistema de clasificación o colocación |
Clasificación Decimal Dewey |
| Tipo de ítem Koha |
Libros |